Laws And Regulations Applicable To The Malaysia Royal Customs Department (Record no. 4774)

000 -LEADER
fixed length control field nam a22 a 4500
005 - DATE AND TIME OF LATEST TRANSACTION
control field 20180914082033.0
008 - FIXED-LENGTH DATA ELEMENTS--GENERAL INFORMATION
fixed length control field 180914b2017 my ||||| |||| 00| 0 eng d
020 ## - INTERNATIONAL STANDARD BOOK NUMBER
Terms of availability RM 220.00
040 ## - CATALOGING SOURCE
Original cataloging agency AKMAL
082 ## - DEWEY DECIMAL CLASSIFICATION NUMBER
Classification number 343.595056 MAL
090 ## - LOCALLY ASSIGNED LC-TYPE CALL NUMBER (OCLC); LOCAL CALL NUMBER (RLIN)
Classification number (OCLC) (R) ; Classification number, CALL (RLIN) (NR) 343.595056
Local cutter number (OCLC) ; Book number/undivided call number, CALL (RLIN) MAL
245 ## - TITLE STATEMENT
Title Laws And Regulations Applicable To The Malaysia Royal Customs Department
Remainder of title All Amendments Up to October 2017
Statement of responsibility, etc. Published and printed in June 2018. There no amendments between the date book was published and printed
260 ## - PUBLICATION, DISTRIBUTION, ETC.
Place of publication, distribution, etc. Pudu, Kuala Lumpur
Name of publisher, distributor, etc. MDC Publishers Sdn Bhd
Date of publication, distribution, etc. 2018
300 ## - PHYSICAL DESCRIPTION
Other physical details 1528
Dimensions 19cm
599 ## - LOCAL NOTE
Local Note DALAM PROSES
942 ## - ADDED ENTRY ELEMENTS (KOHA)
Source of classification or shelving scheme
Koha item type Book
Holdings
Withdrawn status Lost status Source of classification or shelving scheme Damaged status Not for loan Collection code Home library Current library Shelving location Date acquired Inventory number Total Checkouts Full call number Barcode Date last seen Price effective from Koha item type
          NON-FICTION AKMAL Melaka AKMAL Melaka PINJAMAN 14.09.2018 307208   343.595056 MAL 201707716 14.09.2018 14.09.2018 Book
Pusat Sumber Maklumat Dato' Haji Sarmin Md Hussin, Akademi Kastam Diraja Malaysia, Melaka
Tel: 06-2331106 | Faks: 06-2313787